| 000 | 02220nam0a2200337 4500 | ||
|---|---|---|---|
| 001 | RU\NLR\bibl\858468 | ||
| 005 | 20260607052927.0 | ||
| 010 |
_a5-89846-432-8 _91000 |
||
| 021 |
_aRU _b2005-56300 _92753 |
||
| 035 | _a(NLR Aleph) 000847171 | ||
| 090 |
_a1457099 _c1457099 |
||
| 100 | _a20051021d2005 |||y0rusy50 ca | ||
| 101 | 0 | _arus | |
| 102 | _aRU | ||
| 105 | _aa ||||||||| | ||
| 200 | 1 |
_aИскусство в современном мире _eматериалы первой научно-практической конференции, (7 декабря 2004 года, г. Ханты-Мансийск) _eпосвящена 70-летнему юбилею Г.С. Райшева и 75-й годовщине со дня образования Ханты-Мансийского автономного округа - Югры _f[отв. ред. Л.Г. Лазарева, к.социол.н.] |
|
| 210 |
_aХанты-Мансийск _cПолиграфист _d2005 |
||
| 215 |
_a139,[1] с. _cил., цв. ил. _d21 |
||
| 300 | _aЗагл. обл.: I научно-практическая конференция "Искусство в современном мире" | ||
| 300 | _aВ надзаг.: Деп. культуры и искусства Ханты-Манс. автоном. округа - Югры, Служба глав. гос. инспектора по охране и использ. ист.-культ. наследия, Галерея-мастерская худож. Г.С. Райшева, Музей геологии, нефти и газа | ||
| 320 | _aБиблиогр. в конце ст. | ||
| 512 | 1 | _aI научно-практическая конференция "Искусство в современном мире" | |
| 606 |
_aИскусство _jСъезды, совещания и т.п. _9934834 _3RU\NLR\auth\6626297 |
||
| 686 | _aЩя431 | ||
| 702 | 1 |
_4340 _7ca _8rus _aЛазарева _bЛ. Г. _cканд. социол. наук _gЛилия Георгиевна _914402 _3RU\NLR\auth\7731392 |
|
| 801 | 0 |
_aRU _bNLR _c20051021 _grcr |
|
| 801 | 1 |
_aRU _bNLR _c20051021 |
|
| 830 | _aпо эк | ||
| 942 | _cBOOK | ||
| 980 | _aNB | ||